| 000 | 00778nam a2200265 a 4500 | ||
|---|---|---|---|
| 001 | 000040546 | ||
| 003 | DO-SdBNP | ||
| 005 | 20220425085648.0 | ||
| 007 | ta | ||
| 008 | 130830s2012 sp 000 0 spa d | ||
| 020 | _a9788498793321 | ||
| 040 |
_aDO-SdBNP _bspa _cBNPHU |
||
| 082 | 4 | _222 | |
| 100 | 1 |
_aSunzi, _966868 |
|
| 240 | 1 | 0 | _aL'Art de la guerre |
| 245 | 1 | 3 |
_aEl arte de la guerra / _cSunzi ; introducción, traducción y notas de Albert Galvany ; prólogo de Jean Levi _aSun Tzu. |
| 250 | _a8a. ed. | ||
| 260 |
_aMadrid : _bTrotta, _c2012. |
||
| 300 |
_a236 p. ; _c20 cm. |
||
| 490 | 1 |
_aPliegos de Oriente _v9 |
|
| 700 | 1 |
_aGalvany, Albert, _etrad. _966869 |
|
| 700 | 1 |
_aLevi, Jean, _epról. _966870 |
|
| 830 | 0 |
_aPliegos de Oriente _n9 _966871 |
|
| 942 |
_2ddc _cLBS1 |
||
| 999 |
_c40036 _d40036 |
||